000 01208nam a2200325Ia 4500
001 ebr10255615
003 CaPaEBR
006 m u
007 cr cn|||||||||
008 080722s2008 si sb 001 0 eng d
010 _z 2008275210
020 _z9789812793508
020 _z9789812793508 (pbk.)
020 _z981279350X (pbk.)
040 _aCaPaEBR
_cCaPaEBR
035 _a(OCoLC)262622612
050 1 4 _aBF575.H27
_bZ35 2008eb
100 0 _aZaibun Nissa Siraj.
245 1 0 _aZany, zeal, zeat and zing
_h[electronic resource] :
_bthe z way to happiness /
_cZaibun.
246 3 0 _aZ way to happiness
260 _aSingapore ;
_aNew Jersey :
_bWorld Scientific,
_cc2008.
300 _aix, 105 p.
504 _aIncludes bibliographical references (p. 97-101) and index.
533 _aElectronic reproduction.
_bPalo Alto, Calif. :
_cebrary,
_d2009.
_nAvailable via World Wide Web.
_nAccess may be limited to ebrary affiliated libraries.
650 0 _aHappiness.
650 0 _aJoy.
655 7 _aElectronic books.
_2local
710 2 _aebrary, Inc.
856 4 0 _uhttp://site.ebrary.com/lib/rucke/Doc?id=10255615
_zAn electronic book accessible through the World Wide Web; click to view
999 _c14306
_d14306